| 000 | 00532cab a2200217 4500 | ||
|---|---|---|---|
| 001 | WB3534-37 | ||
| 008 | 090401t1999 xxu||||| |||| 00| 0 eng d | ||
| 035 | _a(Sirsi) u170 | ||
| 041 | _aeng | ||
| 245 | _aSet-aside transfer plan | ||
| 260 | _c1999 | ||
| 350 | _a0 | ||
| 490 |
_aFarmers' Weekly _v131(9) 27 August 1999, 18(1) |
||
| 650 | _aEUROPEAN COMMISSION | ||
| 650 | _aFARM BUSINESS TENANCIES | ||
| 650 | _aFARMING | ||
| 650 | _aSET-ASIDE TRANSFER SCHEME | ||
| 690 | _aRURAL PRACTICE | ||
| 942 | _n0 | ||
| 948 | _c02/09/1999 | ||
| 999 |
_c69 _d69 |
||